The Admonitions of Seh Bari /
New edition and complete translation of the sixteenth-century Javanese Muslim text "The Admonitions of Seh Bari". In his introduction, Drewes discusses the manuscript, script, spelling, punctuation, author, contents of the work, main ideas of the work, the Catechism drawn from this text, a...
المؤلف الرئيسي:
التنسيق: كتاب الكتروني
اللغة: English
منشور في:
Leiden ; Boston :
Brill,
1969.
سلاسل:
Asian Studies - Book Archive pre-2000.
Bibliotheca Indonesica ;
4.
الموضوعات:
الوصول للمادة أونلاين: Login to view Source
الوسوم: إضافة وسم
رقم الطلب: BP189
| LEADER | 02494nam a22004698i 4500 | ||
|---|---|---|---|
| 001 | BRILL9789004644151 | ||
| 003 | nllekb | ||
| 005 | 20250915080726.0 | ||
| 006 | m d | ||
| 007 | cr un uuuua | ||
| 008 | 250826s1969 gw sb 001 0 eng d | ||
| 020 | |a 9789004644151 |q (electronic book) | ||
| 020 | |z 9789004247932 |q (print) | ||
| 024 | 7 | |a 10.1163/9789004644151 |2 DOI | |
| 035 | |a (OCoLC)1534046917 | ||
| 040 | |a NL-LeKB |c NL-LeKB |e rda | ||
| 041 | |a eng | ||
| 050 | 4 | |a BP189 | |
| 072 | 7 | |a DSB |2 bicssc | |
| 072 | 7 | |a LIT |x 000000 |2 bisacsh | |
| 082 | 0 | 4 | |a 001.3 |2 23 |
| 100 | 1 | |a Drewes, G.W.J., |e author. | |
| 245 | 1 | 4 | |a The Admonitions of Seh Bari / |c G.W.J. Drewes. |
| 264 | 1 | |a Leiden ; |a Boston : |b Brill, |c 1969. | |
| 264 | 4 | |c ©1969 | |
| 336 | |a text |b txt |2 rdacontent | ||
| 337 | |a computer |b c |2 rdamedia | ||
| 338 | |a online resource |2 rdacarrier | ||
| 490 | 1 | |a Asian Studies - Book Archive pre-2000 | |
| 490 | 1 | |a Bibliotheca Indonesica ; |v 4 | |
| 504 | |a Includes bibliographical references and index. | ||
| 505 | 0 | |t Front Matter -- Preliminary Material / |r G. W. J. Drewes -- Foreword / |r G. W. J. Drewes -- Introduction / |r G. W. J. Drewes -- Text and Translation of Leiden Cod. Or. 192 / |r G. W. J. Drewes -- Text and Translation of the Catechism (Leiden Cod. Or. 11.092 / |r G. W. J. Drewes -- List of Proper Names and Book Titles occurring in the Text / |r G. W. J. Drewes -- Arabic Words in the Text / |r G. W. J. Drewes -- Arabic Terms and Phrases in the Javanese Text / |r G. W. J. Drewes -- Back Matter -- Glossary / |r G. W. J. Drewes -- Appendix I - The Remainder of Leiden Cod. Or. 11.092 / |r G. W. J. Drewes -- Appendix II - Facsimiles of Pages from Leiden Cod. Or. 1928 / |r G. W. J. Drewes. | |
| 520 | |a New edition and complete translation of the sixteenth-century Javanese Muslim text "The Admonitions of Seh Bari". In his introduction, Drewes discusses the manuscript, script, spelling, punctuation, author, contents of the work, main ideas of the work, the Catechism drawn from this text, and a comparison of the Catechism with the main text. | ||
| 546 | |a English | ||
| 588 | |a Description based on print version record. | ||
| 650 | 0 | |a Humanities. | |
| 776 | 0 | 8 | |i Print version: |t The Admonitions of Seh Bari. |d Leiden ; Boston : Brill, 1969. |z 9789004247932 |
| 830 | 0 | |a Asian Studies - Book Archive pre-2000. | |
| 830 | 0 | |a Bibliotheca Indonesica ; |v 4. | |
| 856 | 4 | |z DOI: |u http://dx.doi.org/10.1163/9789004644151 | |
| 942 | |2 lcc |c EBOOK | ||
| 999 | |c 61211 |d 61211 | ||
